Exploratory social network analysis with Pajek (Record no. 42946)

MARC details
000 -LEADER
fixed length control field 00890nam a2200229 a 4500
008 - FIXED-LENGTH DATA ELEMENTS--GENERAL INFORMATION
fixed length control field 200710s2018 ||||||||||||||||| || u
020 ## - INTERNATIONAL STANDARD BOOK NUMBER
International Standard Book Number 9781108462273
050 ## - LIBRARY OF CONGRESS CALL NUMBER
Classification number HM 741 Noo
100 ## - MAIN ENTRY--PERSONAL NAME
Personal name Nooy, Wouter de
245 10 - TITLE STATEMENT
Title Exploratory social network analysis with Pajek
Statement of responsibility, etc. By Wouter de Nooy; Andrej Mrvar; Vladimir Batagelj
250 ## - EDITION STATEMENT
Edition statement 3rd edition
260 ## - PUBLICATION, DISTRIBUTION, ETC.
Place of publication, distribution, etc. Cambridge
Name of publisher, distributor, etc. Cambridge University Press
Date of publication, distribution, etc. 2018
300 ## - PHYSICAL DESCRIPTION
Extent xxx, 455 pages : illustrations
490 ## - SERIES STATEMENT
Series statement Structural analysis in the social sciences
490 ## - SERIES STATEMENT
Volume/sequential designation 46
650 #0 - SUBJECT ADDED ENTRY--TOPICAL TERM
Topical term or geographic name entry element SOCIAL NETWORKS
650 ## - SUBJECT ADDED ENTRY--TOPICAL TERM
Topical term or geographic name entry element SOCIAL NETWOKS--MATHEMATICAL MODELS
650 ## - SUBJECT ADDED ENTRY--TOPICAL TERM
Topical term or geographic name entry element PAJEK (ELECTRONIC RESOURCE)
700 ## - ADDED ENTRY--PERSONAL NAME
Personal name Batagelj, Vladimir
700 ## - ADDED ENTRY--PERSONAL NAME
Personal name Mrvar, Andrej
995 ## - RECOMMENDATION 995 [LOCAL, UNIMARC FRANCE]
-- 52.81
-- CBU-MAIN LIBRARY (Kitwe)
-- 1
-- AVAILABLE
-- Jul 16, 2020
-- Main Library Open Access Collection
Holdings
Withdrawn status Lost status Source of classification or shelving scheme Damaged status Not for loan Home library Current library Shelving location Date acquired Total Checkouts Full call number Barcode Date last seen Price effective from Koha item type
          CBU-MAIN LIBRARY, KITWE. CBU-MAIN LIBRARY, KITWE.   11/30/2022   HM 741 Noo 750258 11/30/2022 11/30/2022 MONOGRAPH